[Event "Sparkassen Chess Trophy 2024 A-Open"]
[Site "Dortmund"]
[Date "2024.08.15"]
[Round "6"]
[White "Xue, Luka"]
[Black "Blomer, Moritz"]
[Result "1/2-1/2"]
[WhiteElo "1992"]
[BlackElo "1939"]
[PlyCount "59"]
[EventDate "2024.08.10"]

1. d4 Nf6 2. c4 g6 3. Nc3 d5 4. Nf3 Bg7 5. cxd5 Nxd5 6. e4 Nxc3 7. bxc3 c5 8. Be3 Qa5 9. Qd2 O-O 10. Be2 Nc6 11. Rd1 Bg4 12. O-O Rfd8 13. Qb2 cxd4 14. cxd4 Qb4 15. Qxb4 Nxb4 16. Rb1 Nxa2 17. Rxb7 Nc3 18. Bc4 Rac8 19. Ba6 Rc6 20. Ra1 Bxf3 21. gxf3 Bxd4 22. Bxd4 Rxd4 23. Rxe7 Rd1+ 24. Rxd1 Nxd1 25. Rxa7 Rc2 26. Ra8+ Kg7 27. Rc8 Rxf2 28. Rd8 Ra2 29. Rxd1 Rxa6 30. Kg2 1/2-1/2

[Event "Sparkassen Chess Trophy 2024 A-Open"]
[Site "Dortmund"]
[Date "2024.08.15"]
[Round "6"]
[White "Ravikumar, Pranava"]
[Black "Brunetti, Alberto Fakhri"]
[Result "1/2-1/2"]
[WhiteElo "1991"]
[BlackElo "1942"]
[PlyCount "104"]
[EventDate "2024.08.10"]

1. d4 d5 2. Nf3 Nf6 3. e3 c6 4. Bd3 Bg4 5. b3 e6 6. Bb2 Nbd7 7. Nbd2 Bd6 8. c4 Bf5 9. Qc2 Bxd3 10. Qxd3 O-O 11. e4 dxe4 12. Nxe4 Nxe4 13. Qxe4 Bb4+ 14. Ke2 Re8 15. Rhd1 Qa5 16. a3 Bd6 17. Kf1 Qh5 18. h3 Rad8 19. Re1 Be7 20. Rad1 Bf6 21. Qc2 Qg6 22. Qd2 Qf5 23. Qb4 Rb8 24. Re2 a6 25. Qe1 b5 26. c5 Qf4 27. Bc1 Qc7 28. b4 Ra8 29. Bd2 Be7 30. Ne5 Nxe5 31. dxe5 Red8 32. Bc3 Rxd1 33. Qxd1 Rd8 34. Rd2 Rxd2 35. Qxd2 Qd8 36. Qxd8+ Bxd8 37. f4 f5 38. exf6 gxf6 39. Kf2 Kf7 40. g4 Kg6 41. Kg3 h5 42. Bb2 Be7 43. f5+ Kf7 44. Kh4 hxg4 45. Kxg4 e5 46. Bc1 Kg7 47. Be3 Kh7 48. Kh5 Bf8 49. Bd2 Bg7 50. Be3 Bf8 51. Bd2 Bg7 52. Be3 Bf8 1/2-1/2

[Event "Sparkassen Chess Trophy 2024 A-Open"]
[Site "Dortmund"]
[Date "2024.08.15"]
[Round "6"]
[White "Krueger, Andre"]
[Black "Riechenberg, Sebastian"]
[Result "0-1"]
[WhiteElo "2018"]
[BlackElo "1951"]
[PlyCount "86"]
[EventDate "2024.08.10"]

1. c4 Nf6 2. Nf3 e6 3. g3 c5 4. Bg2 Nc6 5. O-O Be7 6. d4 cxd4 7. Nxd4 O-O 8. b3 d5 9. cxd5 exd5 10. Nxc6 bxc6 11. Nc3 Be6 12. Bb2 Rc8 13. Qd2 c5 14. Rfd1 d4 15. Na4 Bd5 16. Bxd5 Qxd5 17. e3 Ne4 18. Nc3 Nxc3 19. Bxc3 Bf6 20. Bb2 Rfd8 21. Rac1 h5 22. Qd3 h4 23. e4 Qe6 24. Rc2 g6 25. Rdc1 Be7 26. b4 Qxa2 27. Ba3 c4 28. Rxc4 Rxc4 29. Rxc4 a5 30. Kg2 h3+ 31. Kxh3 Qxf2 32. Rc2 Qf6 33. Kg2 Qe5 34. Bb2 axb4 35. Rf2 Bg5 36. Qf3 Qe6 37. Qd3 Be3 38. Rf3 Qa2 39. Rxe3 Qxb2+ 40. Re2 Qc3 41. Rd2 b3 42. Qxc3 dxc3 43. Rxd8+ Kg7 0-1

[Event "Sparkassen Chess Trophy 2024 A-Open"]
[Site "Dortmund"]
[Date "2024.08.15"]
[Round "6"]
[White "Mader, Fabian"]
[Black "Gieseler, Felix"]
[Result "0-1"]
[WhiteElo "2019"]
[BlackElo "1960"]
[PlyCount "116"]
[EventDate "2024.08.10"]

1. e4 e5 2. Bc4 Nf6 3. d3 c6 4. Nf3 d5 5. exd5 cxd5 6. Bb5+ Bd7 7. Bxd7+ Nbxd7 8. O-O Bd6 9. Re1 O-O 10. Nc3 a6 11. Bg5 Qc7 12. h3 Rac8 13. Rc1 Rfe8 14. Nh4 Bb4 15. Nf5 Re6 16. Bd2 Qb6 17. Qf3 d4 18. Ne4 Bxd2 19. Nxd2 Qxb2 20. Nc4 Qxa2 21. Qxb7 Rce8 22. Ncd6 Rb8 23. Qf3 Qd5 24. Qg3 g6 25. Nh6+ Kg7 26. Ndxf7 Rf8 27. Ng5 Kxh6 28. Nxe6 Qxe6 29. Qh4+ Kg7 30. Qxd4 Qxh3 31. Rxe5 Nxe5 32. Qxe5 Qd7 33. Rb1 Re8 34. Qa5 Qe6 35. c4 Ng4 36. Qc3+ Qe5 37. Qxe5+ Nxe5 38. Rb7+ Kf6 39. c5 Nxd3 40. c6 Re1+ 41. Kh2 Rc1 42. c7 Nxf2 43. Rb6+ Kg5 44. Rxa6 Rxc7 45. Kg3 Ne4+ 46. Kf3 Nd2+ 47. Ke3 Nc4+ 48. Kf2 Kg4 49. Ra4 g5 50. Rb4 h5 51. Ra4 h4 52. Rb4 h3 53. gxh3+ Kxh3 54. Kg1 Nd2 55. Rb8 Rf7 56. Rh8+ Kg3 57. Rh3+ Kxh3 58. Kh1 Rf1# 0-1

[Event "Sparkassen Chess Trophy 2024 A-Open"]
[Site "Dortmund"]
[Date "2024.08.15"]
[Round "6"]
[White "Heinzel, Thomas"]
[Black "Sheng, Ming"]
[Result "0-1"]
[WhiteElo "1866"]
[BlackElo "2035"]
[PlyCount "92"]
[EventDate "2024.08.10"]

1. d4 Nf6 2. c4 e6 3. g3 Bb4+ 4. Bd2 Qe7 5. Bg2 Nc6 6. Nf3 Bxd2+ 7. Qxd2 Ne4 8. Qc2 Qb4+ 9. Nc3 Nxc3 10. Qxc3 Qxc3+ 11. bxc3 Rb8 12. c5 b6 13. cxb6 cxb6 14. O-O Ba6 15. Rfe1 Ke7 16. e4 Rhc8 17. e5 Na5 18. Rac1 Bc4 19. Ng5 Bd3 20. d5 h6 21. d6+ Kf8 22. Nf3 Rc5 23. Re3 Ba6 24. Nd2 Nc4 25. Nxc4 Bxc4 26. Bf1 Rbc8 27. Bxc4 Rxc4 28. Kf1 R8c5 29. Ke1 g5 30. h3 b5 31. Kd2 b4 32. f3 bxc3+ 33. Rexc3 Rd5+ 34. Ke3 Rxe5+ 35. Kf2 Rd4 36. Rc8+ Kg7 37. R8c7 Rxd6 38. Rxa7 Rd2+ 39. Kf1 Ree2 40. Rxd7 Rf2+ 41. Kg1 Rg2+ 42. Kh1 Rh2+ 43. Kg1 Rdg2+ 44. Kf1 Rxa2 45. Kg1 Rag2+ 46. Kf1 Rxg3 0-1

[Event "Sparkassen Chess Trophy 2024 A-Open"]
[Site "Dortmund"]
[Date "2024.08.15"]
[Round "6"]
[White "Linde, Wolfgang"]
[Black "Sprenger de la Iglesia, Yevgeni"]
[Result "1/2-1/2"]
[WhiteElo "2070"]
[BlackElo "1973"]
[PlyCount "73"]
[EventDate "2024.08.10"]

1. d4 d5 2. Nf3 Nf6 3. c4 c6 4. e3 e6 5. b3 Ne4 6. Bd3 Bb4+ 7. Nbd2 Nd7 8. a3 Bc3 9. Rb1 e5 10. dxe5 Nxe5 11. Nxe5 Bxe5 12. Nxe4 dxe4 13. Bxe4 Qh4 14. Bf3 Bf5 15. Bb2 Rd8 16. Bxe5 Rxd1+ 17. Rxd1 Qg5 18. O-O Bc2 19. Bf4 Qf5 20. Rd4 O-O 21. b4 Qc8 22. Rc1 Ba4 23. h3 f5 24. Rc3 Rd8 25. Rcd3 Rxd4 26. exd4 Bc2 27. Re3 Be4 28. Bxe4 fxe4 29. Rxe4 Qf5 30. f3 Qf7 31. c5 Qa2 32. Re8+ Kf7 33. Rb8 Qxa3 34. Rxb7+ Ke6 35. Kh2 a6 36. Be5 g6 37. h4 1/2-1/2

[Event "Sparkassen Chess Trophy 2024 A-Open"]
[Site "Dortmund"]
[Date "2024.08.15"]
[Round "6"]
[White "Rodriguez, Augustin"]
[Black "Harringer, Manfred"]
[Result "1-0"]
[WhiteElo "2079"]
[BlackElo "1963"]
[PlyCount "55"]
[EventDate "2024.08.10"]

1. e4 e5 2. Nf3 Nc6 3. d4 exd4 4. Nxd4 Nf6 5. Nxc6 bxc6 6. e5 Qe7 7. Qe2 Nd5 8. h4 h6 9. h5 a5 10. c4 Ba6 11. b3 Nb6 12. Bb2 Qe6 13. Nd2 Bc5 14. O-O-O Qe7 15. Kb1 O-O-O 16. Ne4 Ba3 17. Bxa3 Qxa3 18. Qe3 Kb8 19. Qg3 a4 20. Rh3 axb3 21. Qxb3 Qxb3+ 22. Rxb3 c5 23. Nxc5 Bc8 24. Na4 Ka7 25. Nxb6 cxb6 26. c5 Rhe8 27. cxb6+ Kb8 28. b7 1-0

[Event "Sparkassen Chess Trophy 2024 A-Open"]
[Site "Dortmund"]
[Date "2024.08.15"]
[Round "6"]
[White "Mainka, Alwin"]
[Black "Riechenberg, Maximilian"]
[Result "1-0"]
[WhiteElo "2240"]
[BlackElo "1981"]
[PlyCount "57"]
[EventDate "2024.08.10"]

1. e4 e5 2. Nf3 Nc6 3. Bb5 a6 4. Ba4 Nf6 5. O-O b5 6. Bb3 Bc5 7. d3 d6 8. c3 Ba7 9. h3 h6 10. Re1 O-O 11. Nbd2 Re8 12. Nf1 Ne7 13. Nh4 d5 14. Qf3 Qd6 15. g4 g5 16. Nf5 Nxf5 17. gxf5 Bb7 18. Bc2 Kh7 19. Nh2 Rh8 20. Ng4 Nxg4 21. Qxg4 Rag8 22. Be3 Bxe3 23. Rxe3 c5 24. exd5 Qxd5 25. Kh2 h5 26. Qg3 f6 27. d4 exd4 28. Re7+ Rg7 29. Be4 1-0

[Event "Sparkassen Chess Trophy 2024 A-Open"]
[Site "Dortmund"]
[Date "2024.08.15"]
[Round "6"]
[White "Karaissaridis, Christos"]
[Black "Della Sala, Bruno"]
[Result "0-1"]
[WhiteElo "1902"]
[BlackElo "2010"]
[PlyCount "136"]
[EventDate "2024.08.10"]

1. e4 c5 2. d3 e6 3. Nf3 d5 4. Qe2 Be7 5. g3 Nc6 6. Bg2 Nf6 7. O-O Qc7 8. e5 Nd7 9. Bf4 Nd4 10. Nxd4 cxd4 11. Qg4 O-O 12. Re1 Kh8 13. Bxd5 exd5 14. e6 Nf6 15. Qxg7+ Kxg7 16. Bxc7 fxe6 17. Be5 Kg6 18. Bxd4 b6 19. Nc3 Bd7 20. f4 Bc5 21. Ne2 Ng4 22. h3 Ne3 23. Rac1 Nf5 24. Bf2 h5 25. d4 Bb4 26. c3 Be7 27. Rc2 Nd6 28. Kg2 Ne4 29. Be3 Bb5 30. Ng1 Kf5 31. Kf3 Rg8 32. Rg2 Raf8 33. h4 Rg4 34. Nh3 Bd6 35. Ng5 Bd3 36. Rgg1 Nxg5+ 37. hxg5 h4 38. gxh4 Rxh4 39. g6 Bxf4 40. Bxf4 Rxf4+ 41. Ke3 Bb5 42. g7 Rg8 43. Kd2 Kf6 44. Re5 Rf5 45. Re3 Rxg7 46. Rxg7 Kxg7 47. Rxe6 Kf7 48. Rh6 Ke7 49. Rh7+ Rf7 50. Rh5 Ke6 51. b3 Rf2+ 52. Kc1 Rxa2 53. c4 Bxc4 54. bxc4 dxc4 55. Kb1 Ra5 56. Rh4 Kd5 57. Kb2 Rb5+ 58. Kc2 Rb3 59. Rh7 Kxd4 60. Rxa7 Rh3 61. Rd7+ Kc5 62. Rc7+ Kb4 63. Rb7 Rh2+ 64. Kb1 b5 65. Rb8 Ka4 66. Rb7 b4 67. Rb8 Kb3 68. Kc1 c3 0-1

[Event "Sparkassen Chess Trophy 2024 A-Open"]
[Site "Dortmund"]
[Date "2024.08.15"]
[Round "6"]
[White "Kock, Stefan"]
[Black "Berresheim, Nils"]
[Result "1-0"]
[WhiteElo "2029"]
[BlackElo "1838"]
[PlyCount "73"]
[EventDate "2024.08.10"]

1. e4 c5 2. c3 Nf6 3. e5 Nd5 4. Bc4 Qc7 5. Nf3 Nb6 6. Bb3 c4 7. Bc2 Nc6 8. Qe2 e6 9. b3 cxb3 10. axb3 d6 11. exd6 Bxd6 12. Ba3 Nd5 13. Bxd6 Qxd6 14. O-O O-O 15. Ra4 e5 16. d4 Re8 17. dxe5 Nxe5 18. Nxe5 Rxe5 19. Qd1 Qe7 20. f4 Nxf4 21. Raxf4 Be6 22. Qd3 g6 23. Rd4 Bf5 24. Qd1 Bxc2 25. Qxc2 Re8 26. Qf2 Re2 27. Qf4 Re1 28. Nd2 g5 29. Qg3 Re3 30. Qf2 Rxc3 31. Re4 Qd7 32. Rxe8+ Qxe8 33. Ne4 Rc6 34. Nf6+ Rxf6 35. Qxf6 Qe3+ 36. Kh1 Qxb3 37. Rc1 1-0

[Event "Sparkassen Chess Trophy 2024 A-Open"]
[Site "Dortmund"]
[Date "2024.08.15"]
[Round "6"]
[White "Stork, Simon"]
[Black "Jess, Stefan"]
[Result "1-0"]
[WhiteElo "2055"]
[BlackElo "1920"]
[PlyCount "61"]
[EventDate "2024.08.10"]

1. d4 c6 2. Nf3 d5 3. c4 Nf6 4. Nc3 e6 5. Bg5 dxc4 6. e4 b5 7. e5 h6 8. Bh4 g5 9. Nxg5 hxg5 10. Bxg5 Nbd7 11. exf6 Bb7 12. g3 Qa5 13. Bg2 O-O-O 14. O-O Qc7 15. Qe2 Qb6 16. Rfd1 c5 17. d5 b4 18. dxe6 fxe6 19. Ne4 Bd5 20. f7 Qc6 21. Bxd8 Kxd8 22. f4 e5 23. f5 c3 24. bxc3 c4 25. cxb4 Bxb4 26. Rac1 Bxf7 27. Ng5 Qb6+ 28. Kh1 Bg8 29. Ne6+ Bxe6 30. fxe6 Qxe6 31. Rxc4 1-0

[Event "Sparkassen Chess Trophy 2024 A-Open"]
[Site "Dortmund"]
[Date "2024.08.15"]
[Round "6"]
[White "Ranieri, Pierpaolo"]
[Black "Pfaltz, Maximilian"]
[Result "1-0"]
[WhiteElo "1909"]
[BlackElo "2061"]
[PlyCount "117"]
[EventDate "2024.08.10"]

1. d4 Nf6 2. Nf3 g6 3. c4 Bg7 4. Nc3 O-O 5. e4 d6 6. Be2 e5 7. Be3 Na6 8. O-O Ng4 9. Bg5 Qe8 10. h3 h6 11. hxg4 hxg5 12. dxe5 dxe5 13. Nxg5 Qe7 14. Nf3 Bxg4 15. Nd5 Qd8 16. Qc2 c6 17. Ne3 Bxf3 18. Bxf3 Qe7 19. a3 Nc7 20. Bg4 Rad8 21. Rad1 Rd4 22. Qb3 Na6 23. Bf3 Nc5 24. Qc2 Rfd8 25. b4 Ne6 26. c5 Qg5 27. Nc4 Nf4 28. Rxd4 exd4 29. g3 Ne6 30. Rd1 Be5 31. Nxe5 Qxe5 32. Bg2 Kg7 33. f4 Qh5 34. Kf2 Rh8 35. Rh1 Qg4 36. Rxh8 Kxh8 37. Qe2 Qxe2+ 38. Kxe2 Kg7 39. Bh3 Nc7 40. Kd3 Nb5 41. a4 Nc3 42. a5 Na2 43. Kxd4 Nxb4 44. Bc8 Nc2+ 45. Kc3 Ne3 46. Bxb7 Kf6 47. Bxc6 Ke6 48. Kd3 Nf1 49. g4 g5 50. Bd5+ Ke7 51. fxg5 Nh2 52. Kc4 Nxg4 53. Kb5 Ne5 54. Ka6 Kd7 55. Kxa7 Kc7 56. Ka6 Kb8 57. Kb6 Nd7+ 58. Kc6 Ne5+ 59. Kd6 1-0

[Event "Sparkassen Chess Trophy 2024 A-Open"]
[Site "Dortmund"]
[Date "2024.08.15"]
[Round "6"]
[White "Mann, Gergely"]
[Black "Janssen, Thorben"]
[Result "1-0"]
[WhiteElo "2062"]
[BlackElo "1920"]
[PlyCount "51"]
[EventDate "2024.08.10"]

1. e4 c5 2. Nf3 Nc6 3. d4 cxd4 4. Nxd4 g6 5. Nc3 Bg7 6. Be3 Nf6 7. Bc4 O-O 8. Bb3 Re8 9. f3 d5 10. Bxd5 Nxd5 11. Nxd5 e6 12. Nxc6 bxc6 13. Nc3 Qa5 14. O-O Rd8 15. Qc1 Ba6 16. Rd1 Bxc3 17. bxc3 Qxc3 18. Rxd8+ Rxd8 19. Rb1 Bc4 20. Rb7 Bxa2 21. h4 Bc4 22. Bg5 Qd4+ 23. Kh2 f6 24. Qf4 Qe5 25. Qxe5 fxe5 26. Bxd8 1-0

[Event "Sparkassen Chess Trophy 2024 A-Open"]
[Site "Dortmund"]
[Date "2024.08.15"]
[Round "6"]
[White "Van Amerongen-Jansen, Peggy"]
[Black "Bungarten, Jona"]
[Result "0-1"]
[WhiteElo "1931"]
[BlackElo "2073"]
[PlyCount "40"]
[EventDate "2024.08.10"]

1. e4 e5 2. Nf3 Nc6 3. d4 exd4 4. Bc4 Nf6 5. e5 d5 6. Bb5 Ne4 7. Nxd4 Bc5 8. Be3 Bd7 9. Bxc6 bxc6 10. O-O O-O 11. f3 Ng5 12. Qd2 Be7 13. Nb3 f6 14. exf6 Bxf6 15. Nc3 Nf7 16. Na4 Nd6 17. Bd4 g6 18. Qc3 Nb5 19. Qa5 Nxd4 20. Nxd4 Be5 0-1

[Event "Sparkassen Chess Trophy 2024 A-Open"]
[Site "Dortmund"]
[Date "2024.08.15"]
[Round "6"]
[White "Meuer, David"]
[Black "Padilla Garcia, Cecilia Xasive"]
[Result "1/2-1/2"]
[WhiteElo "2087"]
[BlackElo "1950"]
[PlyCount "85"]
[EventDate "2024.08.10"]

1. e4 c5 2. Nf3 d6 3. d4 cxd4 4. Nxd4 Nf6 5. Nc3 g6 6. Be3 Bg7 7. f3 O-O 8. Qd2 Nc6 9. O-O-O d5 10. Qe1 e5 11. Nxc6 bxc6 12. exd5 Nxd5 13. Bc4 Be6 14. Ne4 Qc7 15. Bc5 Rfd8 16. h4 h6 17. g4 f5 18. gxf5 gxf5 19. Ng3 Qf7 20. Qf2 Nf4 21. Bxe6 Qxe6 22. Kb1 Rd5 23. Rxd5 cxd5 24. Be3 Ng6 25. h5 Ne7 26. Bc5 f4 27. Ne2 Nf5 28. Rg1 a5 29. Rg6 Qc8 30. Nc3 d4 31. Ne4 Ra6 32. Qg1 Kh8 33. Qg4 Rxg6 34. Qxg6 Qd7 35. Qa6 Qf7 36. a3 Qxh5 37. Nf6 Bxf6 38. Qxf6+ Ng7 39. Bd6 Qxf3 40. Bxe5 Qf1+ 41. Ka2 Qc4+ 42. Kb1 Qf1+ 43. Ka2 1/2-1/2

[Event "Sparkassen Chess Trophy 2024 A-Open"]
[Site "Dortmund"]
[Date "2024.08.15"]
[Round "6"]
[White "Lishoy Gengis Paratazham, Dildara"]
[Black "Zimmermann, Luc"]
[Result "0-1"]
[WhiteElo "1962"]
[BlackElo "2095"]
[PlyCount "192"]
[EventDate "2024.08.10"]

1. e4 e6 2. d4 d5 3. Nc3 Nf6 4. e5 Nfd7 5. f4 c5 6. Nf3 Nc6 7. Be3 Be7 8. Qd2 a6 9. Ne2 b5 10. c3 b4 11. Ng3 g6 12. Be2 bxc3 13. Qxc3 Nxd4 14. Nxd4 cxd4 15. Bxd4 O-O 16. O-O Bb7 17. Qe3 Qa5 18. a3 Bc5 19. b4 Bxd4 20. Qxd4 Qb6 21. Rfd1 Rfc8 22. Qxb6 Nxb6 23. Rac1 Na4 24. Kf1 Kf8 25. Bf3 Bc6 26. Be2 Bb7 27. Bf3 Nb2 28. Rxc8+ Rxc8 29. Rb1 Nc4 30. Ra1 Bc6 31. Ne2 Bb5 32. Kf2 Nb2 33. Nd4 Rc4 34. Nxb5 axb5 35. Be2 Rc2 36. Kf1 Nc4 37. Bxc4 Rxc4 38. g3 Rc2 39. a4 bxa4 40. Rxa4 Rxh2 41. Ra7 Rb2 42. Rb7 h6 43. b5 g5 44. fxg5 hxg5 45. b6 g4 46. Rb8+ Ke7 47. b7 Kd7 48. Rf8 Rxb7 49. Rxf7+ Kc6 50. Rf6 Rb4 51. Rxe6+ Kc5 52. Ke2 Kd4 53. Re8 Rb2+ 54. Kd1 Kd3 55. Kc1 Rc2+ 56. Kb1 Rg2 57. Ra8 Rg1+ 58. Kb2 Re1 59. Re8 Ke3 60. Rf8 d4 61. e6 Re2+ 62. Kc1 Kd3 63. Re8 Re1+ 64. Kb2 Re4 65. Kb1 Ke2 66. Rd8 Rxe6 67. Rxd4 Kf3 68. Kc2 Kxg3 69. Kd2 Kf3 70. Rd8 g3 71. Rf8+ Kg2 72. Kd1 Kg1 73. Rg8 g2 74. Rf8 Rh6 75. Ke2 Kh1 76. Rg8 g1=Q 77. Rxg1+ Kxg1 78. Ke3 Rf6 79. Ke4 Kf2 80. Ke5 Rf3 81. Ke4 Ke2 82. Kd4 Rf4+ 83. Ke5 Ke3 84. Kd5 Re4 85. Kc5 Rd4 86. Kc6 Ke4 87. Kc5 Ke5 88. Kc6 Rd5 89. Kc7 Rd6 90. Kb7 Kd5 91. Kc7 Kc5 92. Kb7 Rd7+ 93. Kc8 Kc6 94. Kb8 Rh7 95. Kc8 Kb6 96. Kb8 Rh8# 0-1

[Event "Sparkassen Chess Trophy 2024 A-Open"]
[Site "Dortmund"]
[Date "2024.08.15"]
[Round "6"]
[White "Schloesser, Alexander"]
[Black "Neumair, Jerome"]
[Result "0-1"]
[WhiteElo "1975"]
[BlackElo "2091"]
[PlyCount "56"]
[EventDate "2024.08.10"]

1. d4 Nf6 2. Bf4 d5 3. e3 c5 4. Nf3 Nc6 5. Nbd2 e6 6. c3 Bd6 7. Bg3 O-O 8. Bd3 Qe7 9. Ne5 Qc7 10. f4 Ne7 11. Bh4 Nf5 12. Bxf6 gxf6 13. Ng4 Qe7 14. Qf3 Kh8 15. Qh3 Rg8 16. O-O Rg6 17. Rae1 Qd7 18. e4 dxe4 19. Nxe4 Be7 20. Ng3 cxd4 21. cxd4 Qd6 22. Bxf5 exf5 23. Nh6 Qxd4+ 24. Kh1 Be6 {Erfassung abgebrochen - unleserlich} 25. Qxf5 {Qxa2 Ne4} Qxb2 {Ng5 a6} 26. Rg1 {fxg5 fxg5} Rg7 27. Re5 Rd8 28. h4 Rd4 {g4 Rd2} 0-1

[Event "Sparkassen Chess Trophy 2024 A-Open"]
[Site "Dortmund"]
[Date "2024.08.15"]
[Round "6"]
[White "Manukonda Arun"]
[Black "Metzdorf, Matteo"]
[Result "1/2-1/2"]
[WhiteElo "1988"]
[BlackElo "2098"]
[PlyCount "137"]
[EventDate "2024.08.10"]

1. d4 Nf6 2. c4 e6 3. Nc3 d5 4. Nf3 Be7 5. cxd5 exd5 6. Bf4 c6 7. h3 O-O 8. e3 Re8 9. Bd3 Nbd7 10. O-O Nf8 11. Bh2 Bd6 12. Ne5 Qe7 13. f4 Ng6 14. Rc1 Nd7 15. e4 dxe4 16. Nxe4 Nb6 17. Qh5 Nd5 18. Nxd6 Qxd6 19. Nxf7 Qb4 20. Bxg6 Qxd4+ 21. Kh1 hxg6 22. Qxg6 Re6 23. Nh6+ Kh8 24. Nf5 Qxb2 25. Qh5+ Kg8 26. Nh4 Nf6 27. Qg5 Bd7 28. f5 Re4 29. Rcd1 Rae8 30. Ng6 Qe2 31. Nf4 Qb5 32. Ng6 Qe2 33. Bg1 b6 34. a4 Qh5 35. Qg3 Bxf5 36. Nf4 Qf7 37. Bd4 g6 38. Ba1 Nd5 39. Qh4 Qh7 40. Qg5 Nxf4 41. Rxf4 Re1+ 42. Rf1 Rxd1 43. Rxd1 Be4 44. Kh2 Qc7+ 45. Kg1 Qe7 46. Qh6 Qh7 47. Qe3 Qe7 48. Qh6 Qh7 49. Qf4 Qe7 50. Rd6 Bf5 51. Kh2 c5 52. Bf6 Qf7 53. Bc3 Qe7 54. Qg3 Qf7 55. Rf6 Qd7 56. Rd6 Qf7 57. Rc6 Rc8 58. Rf6 Qd7 59. Be5 Rc6 60. Qh4 Rxf6 61. Qxf6 c4 62. Kg3 Qd3+ 63. Kh4 Qd7 64. g4 Bc2 65. Kg5 Qd2+ 66. Bf4 Qd7 67. h4 Kh7 68. Be5 Qd2+ 69. Bf4 1/2-1/2

[Event "Sparkassen Chess Trophy 2024 A-Open"]
[Site "Dortmund"]
[Date "2024.08.15"]
[Round "6"]
[White "Akhmatovski, Maxim"]
[Black "Thiemann, Marc"]
[Result "1-0"]
[WhiteElo "2078"]
[BlackElo "1974"]
[PlyCount "47"]
[EventDate "2024.08.10"]

1. c4 Nf6 2. g3 c5 3. Bg2 Nc6 4. Nc3 g6 5. Nf3 Bg7 6. d4 cxd4 7. Nxd4 O-O 8. O-O Qb6 9. Nc2 d6 10. b3 Ng4 11. Bd2 e6 12. h3 Nge5 13. Rc1 a6 14. Na4 Qc7 15. Be3 b5 16. cxb5 axb5 17. Nb6 Bb7 18. Nxa8 Rxa8 19. Nd4 Qd7 20. Nxb5 Nb4 21. Rc7 Bxg2 22. Rxd7 Bxf1 23. Rxd6 Bxh3 24. Rd8+ 1-0

[Event "Sparkassen Chess Trophy 2024 A-Open"]
[Site "Dortmund"]
[Date "2024.08.15"]
[Round "6"]
[White "Vihan, Shourya"]
[Black "Reuter, Julian-Frank"]
[Result "1/2-1/2"]
[WhiteElo "1998"]
[BlackElo "2091"]
[PlyCount "114"]
[EventDate "2024.08.10"]

1. d4 d5 2. c4 e6 3. Nc3 Nf6 4. cxd5 exd5 5. Bg5 Bb4 6. e3 h6 7. Bxf6 Qxf6 8. Qb3 Nc6 9. a3 Bxc3+ 10. Qxc3 O-O 11. Bd3 Qg5 12. g3 Re8 13. Ne2 Qf6 14. O-O Bh3 15. Rfe1 g5 16. Nc1 h5 17. Bf1 Bxf1 18. Rxf1 h4 19. Qd3 Qf5 20. Rd1 hxg3 21. hxg3 Re6 22. Qe2 Qe4 23. Qd3 Qg4 24. Qe2 Qh3 25. Qf1 Qh5 26. Nd3 Rh6 27. Qg2 Ne7 28. Rac1 Kg7 29. Ne5 c6 30. g4 Qh3 31. Nf3 f6 32. Qxh3 Rxh3 33. Kg2 Rhh8 34. Rh1 Rxh1 35. Rxh1 Nc8 36. Rc1 Nd6 37. Nd2 a5 38. Nb3 Nc4 39. Nc5 b6 40. b3 Nxe3+ 41. fxe3 bxc5 42. Rxc5 Rb8 43. Rxa5 Rxb3 44. Kf3 f5 45. gxf5 Kf6 46. Rc5 Kxf5 47. Rxc6 g4+ 48. Kf2 Rb2+ 49. Kg3 Rb3 50. Kf2 Rxa3 51. Rc8 Ra6 52. Rd8 Ke4 53. Re8+ Kd3 54. Re5 Rf6+ 55. Kg3 Rf3+ 56. Kxg4 Rxe3 57. Rxd5 Re4+ 1/2-1/2

[Event "Sparkassen Chess Trophy 2024 A-Open"]
[Site "Dortmund"]
[Date "2024.08.15"]
[Round "6"]
[White "Slanina, Aaron"]
[Black "Lang, Daniel"]
[Result "0-1"]
[WhiteElo "2001"]
[BlackElo "2138"]
[PlyCount "80"]
[EventDate "2024.08.10"]

1. e4 c5 2. Nf3 e6 3. d4 cxd4 4. Nxd4 Nc6 5. Be3 Nf6 6. Bd3 a6 7. O-O Qc7 8. c4 Nb4 9. Nc3 Nxd3 10. Qxd3 d6 11. f3 Be7 12. Rac1 O-O 13. Rfd1 Nd7 14. b3 b6 15. Nde2 Bb7 16. Kh1 Rac8 17. Bf4 Ne5 18. Qe3 Rfd8 19. Na4 Nd7 20. Qf2 Bc6 21. Nec3 Qb8 22. Qg3 b5 23. Nb2 Nf6 24. Qe1 Qb7 25. Rd3 Rd7 26. Rcd1 Rcd8 27. Bg5 Qa8 28. Qe2 Qb8 29. Bh4 bxc4 30. Nxc4 Bb5 31. Rd4 d5 32. exd5 exd5 33. Nxd5 Rxd5 34. Bxf6 Rxd4 35. Bxd4 Qd6 36. Rd2 Bxc4 37. Qxc4 Qf4 38. Qc3 Bc5 39. Be3 Rxd2 40. Qxd2 Qxe3 0-1

[Event "Sparkassen Chess Trophy 2024 A-Open"]
[Site "Dortmund"]
[Date "2024.08.15"]
[Round "6"]
[White "Guo, Philipp Ziming"]
[Black "Goldinov, Daniel"]
[Result "1/2-1/2"]
[WhiteElo "2146"]
[BlackElo "1989"]
[PlyCount "40"]
[EventDate "2024.08.10"]

1. e4 c5 2. Nf3 e6 3. d4 cxd4 4. Nxd4 Nc6 5. Nc3 Qc7 6. Be3 a6 7. Bd3 Nf6 8. O-O b5 9. Nxc6 Qxc6 10. Be2 Bb7 11. Bf3 e5 12. a4 b4 13. Nd5 Bc5 14. Nxf6+ gxf6 15. Qd3 d6 16. Rfc1 O-O 17. c3 b3 18. Bxc5 dxc5 {Erfassung abgebrochen - unleserlich} 19. Re1 {fxe4 Qc2 Rd3 Qe2} Qd6 20. Qd1 {Rd8 b3} Qd4 1/2-1/2

[Event "Sparkassen Chess Trophy 2024 A-Open"]
[Site "Dortmund"]
[Date "2024.08.15"]
[Round "6"]
[White "Eckert, Marius"]
[Black "Conrad, Joachim"]
[Result "1-0"]
[WhiteElo "2129"]
[BlackElo "1994"]
[PlyCount "67"]
[EventDate "2024.08.10"]

1. d4 d6 2. Bf4 Nd7 3. Nf3 g6 4. e3 Bg7 5. Bc4 Nb6 6. Bb3 Nf6 7. h3 c6 8. c4 d5 9. cxd5 Nbxd5 10. Be5 Qa5+ 11. Nbd2 Nh5 12. Bh2 Nhf6 13. O-O Qd8 14. Qe2 Nc7 15. Rfe1 O-O 16. Rad1 a5 17. a3 a4 18. Ba2 Ra5 19. e4 Rh5 20. Nb1 Bxh3 21. gxh3 Rxh3 22. Kg2 Qc8 23. Ne5 Rh5 24. Bg3 Qh3+ 25. Kf3 Nb5 26. Qf1 Qc8 27. Nc3 Nd6 28. Qd3 Qh3 29. Rh1 Qxh1+ 30. Rxh1 Rxh1 31. Kg2 Rh5 32. Nf3 Nb5 33. e5 Nd7 34. Nxb5 1-0

[Event "Sparkassen Chess Trophy 2024 A-Open"]
[Site "Dortmund"]
[Date "2024.08.15"]
[Round "6"]
[White "Holzwarth, Felix"]
[Black "Wickenfeld, Stefan"]
[Result "0-1"]
[WhiteElo "1991"]
[BlackElo "2206"]
[PlyCount "84"]
[EventDate "2024.08.10"]

1. d4 Nf6 2. c4 c6 3. Nf3 d5 4. g3 g6 5. Bg2 Bg7 6. O-O O-O 7. Ne5 Nbd7 8. Nc3 e6 9. f4 h5 10. e4 dxe4 11. Nxe4 Nxe4 12. Bxe4 c5 13. Be3 cxd4 14. Bxd4 Nxe5 15. fxe5 Qc7 16. Qc2 Bd7 17. Rae1 Rac8 18. Qf2 b6 19. b3 Rcd8 20. a4 Bc6 21. c5 b5 22. Bxc6 Qxc6 23. axb5 Qd7 24. Re4 Qxb5 25. Rf4 Rd7 26. b4 Qc6 27. Qe2 Qd5 28. b5 Bh6 29. Re4 Qb3 30. Rf3 Qb4 31. Bf2 Qb1+ 32. Kg2 Rd2 33. Qc4 Rc2 34. Qb4 Rb2 35. Qa4 Rxb5 36. Re1 Qb2 37. Qxa7 Qd2 38. c6 Qd5 39. Be3 Rb2+ 40. Bf2 Rb3 41. Be3 Qxc6 42. Qa2 Rxe3 0-1

[Event "Sparkassen Chess Trophy 2024 A-Open"]
[Site "Dortmund"]
[Date "2024.08.15"]
[Round "6"]
[White "Strehse, Nelson"]
[Black "Stegert, Jonas"]
[Result "1-0"]
[WhiteElo "2223"]
[BlackElo "1945"]
[PlyCount "59"]
[EventDate "2024.08.10"]

1. Nf3 d5 2. e3 Nf6 3. c4 c6 4. Nc3 e6 5. b3 Nbd7 6. Bb2 Bd6 7. Qc2 O-O 8. Rg1 Qe7 9. g4 Ba3 10. Bxa3 Qxa3 11. h4 Qd6 12. g5 Ne8 13. Rc1 a6 14. cxd5 exd5 15. d4 g6 16. h5 Ng7 17. h6 Nh5 18. Bd3 f5 19. Kd2 b6 20. Be2 Bb7 21. Nh4 Qh2 22. Rh1 Qxf2 23. Rcf1 Qg3 24. Bxh5 gxh5 25. Nxf5 Qg2+ 26. Kc1 Qxc2+ 27. Kxc2 c5 28. Ne7+ Kh8 29. g6 Rxf1 30. g7# 1-0